000
00307 a2200145 4500
001
168805
020
_a
040
_c
Magnum
100
_a
Ray, Helene
240
1
0
_a
El primer dia de clase
_l
ESP
245
1
0
_a
El primer dia de clase
362
0
_a
1899
697
_a
LITERATURA ESTRANGEIRA
942
_c
BK
999
_c
168805
_d
168805